000
00327 a2200133 4500
005
20250623085200.0
020
_a
9971-51-370-6
082
_a
LM 530 RES
100
_a
RESNICK, R.
245
_a
Physics
300
_a
xiv, 604p.: figure, picture, table,
_b
Index
_c
28cm.
700
_a
HALLIDAY, D. & KRANE, K. S.
942
_2
ddc
_c
BKS
999
_c
2939
_d
2939